Responses for Show #3958 - Wednesday, November 14, 2001

2001 College Championship semifinal game 1.
From the campus at UCLA.

Contestants

[<< previous game]

Jayce Newton, a senior at UCLA from Long Beach, California

Brett Dvorak, a junior at Indiana University from Granger, Indiana

Vinita Kailasanath, a sophomore at Stanford University from Laurel, Maryland

[next game >>]

Jeopardy! Round responses

Astronomy.com
SITCOMOMS
THEY WERE EXPELLED
YE GODS!
O CAPTAIN, MY CAPTAIN
MMM... YOU SMELL GREAT
    $100 18
meteor showers

Jayce
    $100 16
Seinfeld

Brett
    $100 11
Humphrey Bogart

Brett
    $100 2
Japan

Jayce
    $100 1
Captain Kirk

Jayce
    $100 25
Altoids

Vinita
    $200 19
Venus

Vinita
    $200 17
Home Improvement

Jayce
    $200 12
Edgar Allan Poe

Brett
    $200 3
the Mayans

Vinita
    $200 7
Captain Hook

Vinita
    $200 23
a lily

Vinita
    $300 20
binoculars

Jayce
    $300 13
William Randolph Hearst

Brett
    $500 4
Hinduism

Vinita
    $300 8
(Brett: Who is Long John Silver?)

Captain Ahab

Brett
Triple Stumper
    $300 24
Calvin Klein

Brett
    $400 21
DalĂ­

Brett
    $400 29
[The end-of-round signal sounds.]

Everybody Loves Raymond

Vinita
    $400 14
Trotsky

Brett
    $400 5
the Roman Empire

Brett
    $400 9
Cap'n Crunch

Vinita
    $400 26
almond

Jayce
    $500 22
a nebula

Vinita
    $500 28
Will and Grace

Triple Stumper
    $500 15
[Cheers and applause for Brett's run of the category]

(Sarah) Bernhardt

Brett
    $500 6
Egypt

Brett
    $500 10
Captain America

Brett
    $500 27
Yves St. Laurent

Triple Stumper

Scores at the first commercial break (after clue 8):

Vinita Brett Jayce
$900 $600 $200

Scores at the end of the Jeopardy! Round:

Vinita Brett Jayce
$2,700 $3,400 $1,200

Double Jeopardy! Round responses

EUROPEAN HISTORY
IT'S ALL IN THE DNA
JOHN GRISHAM FILMS
THE BILL OF RIGHTS
GREAT AMERICAN NOVELS
WHAT'S THAT CALLED?
    $200 14
Spain

Brett
    $200 23
chromosomes

Vinita
    $200 28
The Firm

Brett
    $200 10
Virginia

Vinita
    $200 1
Invisible Man

Jayce
    $200 25
raspberries

Triple Stumper
    $400 15
Hadrian

Jayce
    $400 20
genes

Jayce
    $400 9
a militia

Vinita
    $400 2
Beloved

Triple Stumper
    $400 24
a barrette

Vinita
    $600 16
(Tony) Blair

Vinita
    $600 19
a double helix

Vinita
    $600 26
The Client

Vinita
    $4,500 8
(Vinita: Who is Hancock?)

John Adams

Vinita
    $600 3
My Antonia

Vinita
    $600 13
a curtsy

Jayce
    $1,500 21
Kaiser Wilhelm (II)

Jayce
    $800 18
RNA

Vinita
    $800 27
The Rainmaker

Jayce
    $800 7
the National Archives

Vinita
    $800 4
Dreiser

Vinita
    $800 12
the nock

Triple Stumper
    $1000 22
Brest

Vinita
    $1000 17
cytosine (or adenine, guanine or thymine)

Vinita
    $1000 29
[The end-of-round signal sounds.]

The Chamber

Brett
    $1000 6
the Federalist Papers

Vinita
    $1000 5
The Reivers

Triple Stumper
    $1000 11
the rail

Triple Stumper

Scores at the end of the Double Jeopardy! Round:

Vinita Brett Jayce
$7,200 $4,800 $5,100

[wagering suggestions for these scores]

Final Jeopardy! Round responses

THE INTERNET
BrettWhat is Alta vista?
$4,800
JayceWhat is google.com
$5,000
VinitaWhat is Google?
$3,001
Google

Final scores:

Vinita Brett Jayce
$10,201 $0 $10,100
Finalist 3rd place: $5,000 2nd place: $5,000

Game dynamics:

Coryat scores:

Vinita Brett Jayce
$11,500 $4,800 $4,400
23 R
(including 1 DD),
1 W
(including 1 DD)
14 R,
1 W
12 R
(including 1 DD),
0 W

Combined Coryat: $20,700

[game clues] [game scores] [suggest correction]

Game tape date: 2001-10-07
The J! Archive is created by fans, for fans. Scraping, republication, monetization, and malicious use prohibited; this site may use cookies and collect identifying information. See terms. The Jeopardy! game show and all elements thereof, including but not limited to copyright and trademark thereto, are the property of Jeopardy Productions, Inc. and are protected under law. This website is not affiliated with, sponsored by, or operated by Jeopardy Productions, Inc. Join the discussion at JBoard.tv.